000
00217nam a22000977a 4500
082
_a
808 REA'D
245
_a
READER'S DIGEST CONDENSED BOOKS
260
_a
LONDON
_b
READER'S DIGEST
_c
1961
300
_a
502P
942
_c
BK
999
_c
568073
_d
568073